000 00733nam a22002657i 4500
003 DO-SdBNP
005 20250415115628.0
007 ta
008 250415b2022 |||||||| |||| 00| 0 eng d
020 _a9789945182439
040 _aDO-SdBNP
_bspa
_cBNPHU
_erda
041 _hspa
082 _a334
_bG633c
_222
100 1 _aGómez Cerda, José
_eautor
_98583
245 1 0 _aEl cooperativismo /
_cJosé Gómez Cerda
264 _aSanto Domingo :
_bSantuario,
_c2022.
300 _a232 páginas ;
_c24 cm
336 _ardacontent
_btexto
_2txt
337 _ardamedia
_bsin mediación
_2n
338 _ardacarrier
_bvolumen
_2nc
590 _aInventariado, 2025/DG
650 4 _aCooperativismo
_98303
910 _aDG
942 _2ddc
_cLBS1
999 _c58501
_d58501